000 00277nam a2200121Ia 4500
008 220204s9999 xx 000 0 und d
082 _a681.31
_bHOL
100 _aHoltz, Matthew
245 0 _aMastering ventura
260 _aDelhi
_bBPB
_c1988
650 _aVentura
942 _cBK
999 _c39698
_d39698